| 000 | 00572cab a2200217 4500 | ||
|---|---|---|---|
| 001 | X1067 | ||
| 008 | 090401t1993 xxu||||| |||| 00| 0 eng d | ||
| 035 | _a(Sirsi) u14525 | ||
| 041 | _aeng | ||
| 245 | _aGlobal positioning and maps : a symposium | ||
| 260 | _c1993 | ||
| 350 | _a0 | ||
| 490 |
_aCSM (Chartered Surveyor Monthly) _v3(2) October 1993, 3(1) |
||
| 650 | _aGLOBAL POSITIONING | ||
| 650 | _aNATIONAL JOINT UTILITIES GROUP | ||
| 650 | _aORDNANCE SURVEY | ||
| 650 | _aSATELLITES | ||
| 690 | _aMAPPING AND MEASUREMENT | ||
| 942 | _n0 | ||
| 948 | _c04/03/1997 | ||
| 999 |
_c9473 _d9473 |
||